000 007480000a22002050004500
020 _a1-55945-667-1
041 0 _aSPA
082 0 4 _aG 268.434 M4953r
100 1 _aMees Jr., Walter H.
245 1 0 _aLas religiones falsas : Adolescentes y jóvenes / Walter H. Mees Jr. ; Sandra Leoni, Traductor
260 _aLoveland, CO., USA : Acción
300 _a48 Pag
500 _aTítulo original : Counterfeit religions
505 0 0 _aUn curso de tres semanas para ayudar a los adolescentes y a los jóvenes a enteder y evitar los peligros del ocultismo, las sectas y las creencias de la Nueva Era
001 7994
942 _cBK
999 _c38193
_d38193
336 _atexto
_btxt
_2rdacontent
337 _2rdamedia
_asin mediación
_bn
338 _2rdacarrier
_avolumen
_bnc